Olše

Titel: Olše = Olza : cyklotouristická mapa Těšínské Slezsko
Maßstab: 1:50 000
Veröffentlicht: Vizovice : SHOCart, 2016
Umfang: 1 Karte : beidseitig, farbig ; Blatt 66 x 96 cm, gefaltet 16 x 11 cm
Format: Karte
Sprache: Tschechisch; Polnisch; Englisch
Schlagworte:
Kein Bild verfügbar
X
alg: 53298003
001A    $03004:02-09-25 
001B    $03004:02-09-25 $t15:47:00.000 
001D    $03004:02-09-25 
001U    $0utf8 
001X    $00 
002@    $0Kau 
002C    $akartografisches Bild $bcri $2rdacontent 
002D    $aohne Hilfsmittel zu benutzen $bn $2rdamedia 
002E    $aBlatt $bnb $2rdacarrier 
003@    $0532980034 
003O    $01535118409 $aOCoLC 
010@    $acze $apol $aeng 
010E    $erda 
011@    $a2016 $n2016 
013D    $RGrafische Darstellung $#Cartes $#Maps $#Plans $#Amtliche Karte Formschlagwort $#Landkarte $#Wandkarte Formschlagwort $#Wanderkarte Formschlagwort $#Straßenkarte Formschlagwort $#Weltkarte Formschlagwort $#Karten $#Landkarten $#Kartenmaterial $#Geografische Karte $74029783-4 $8Karte [Tsz] $9085078743 
021A    $aOlše $dcyklotouristická mapa Těšínské Slezsko $fOlza 
033A    $pVizovice $nSHOCart 
034D    $a1 Karte 
034I    $aBlatt 66 x 96 cm, gefaltet 16 x 11 cm 
034M    $abeidseitig, farbig 
035E    $a1:50 000 
037A    $aMit touristischen Informationen und Illustrationen 
044K    $#Olza Fluss $74257653-2 $8Olsa [Tg1] $9086369601 
044K    $RRadsport $#Bicycle touring $#Cyclotourisme $#Cicloturismo $#Radtour $74076488-6 $8Radwandern [Ts1] $9085216747 
045F    $a910.94371090512 $eDDC23BSB 
045F/01 $a910 
045F/03 $f090512 
045F/03 $g4371 
045R    $aGeschichte 2016 
046L    $aKarteninhalt Tschechisch, Text und Legende Tschechisch, Polnisch und Englisch 

lok: 53298003 24

exp: 53298003 24 1 #EPN
201B/01 $002-09-25 $t15:42:36.000 
201C/01 $002-09-25 
201U/01 $0utf8 
203@/01 $01317218175 
208@/01 $a02-09-25 $bz 
209A/01 $aK 25 II L 48 $dd $f050 $hK 25 2 L 48 $x00 
209C/01 $aK 2025.00482 G $h25 00482 G 
220C/01 $awei 
247C/01 $8358050-7 Marburg, Bibliothek des Herder-Instituts Marburg $9102600961
LEADER 00000cem a2200000 c 4500
001 532980034
003 DE-603
005 20250902154700.0
007 a|||||||
008 250902s2016 xx |||||| a || | ||cze c
035 |a (DE-599)HEB532980034 
035 |a (OCoLC)1535118409 
040 |a DE-603  |b ger  |c DE-603  |d DE-603  |e rda 
041 |a cze  |a pol  |a eng 
082 0 4 |8 1\u  |a 910.94371090512  |q DE-101  |2 23/BSB 
085 |8 1\u  |b 910 
085 |8 1\u  |z 1  |s 090512 
085 |8 1\u  |z 2  |s 4371 
245 0 0 |a Olše  |b = Olza : cyklotouristická mapa Těšínské Slezsko 
255 |a 1:50 000 
264 1 |a Vizovice  |b SHOCart  |c 2016 
300 |a 1 Karte  |b beidseitig, farbig  |c Blatt 66 x 96 cm, gefaltet 16 x 11 cm 
336 |a kartografisches Bild  |b cri  |2 rdacontent 
337 |a ohne Hilfsmittel zu benutzen  |b n  |2 rdamedia 
338 |a Blatt  |b nb  |2 rdacarrier 
500 |a Mit touristischen Informationen und Illustrationen 
546 |a Karteninhalt Tschechisch, Text und Legende Tschechisch, Polnisch und Englisch 
648 7 |a Geschichte 2016  |2 gnd 
650 7 |a Radwandern  |0 (DE-588)4076488-6  |0 (DE-603)085216747  |2 gnd 
651 7 |a Olsa  |0 (DE-588)4257653-2  |0 (DE-603)086369601  |2 gnd 
655 7 |a Karte  |2 gnd-content  |0 (DE-588)4029783-4  |0 (DE-603)085078743 
924 0 |9 Mb 50  |a (DE-603)1317218175  |b DE-Mb50  |c HES  |d d  |g K 25 II L 48